| Tag |
First Indicator |
Second Indicator |
Subfields |
| LEADER |
00000cam a2200000 4500 |
| 001 |
in00005722821 |
| 005 |
20260319194607.9 |
| 006 |
m o d |
| 007 |
cr ||||||||||| |
| 008 |
970609r20231997enka o 001 0 eng d |
| 040 |
|
|
|a STBDS
|b eng
|c STBDS
|d OCLCO
|d OCLCF
|d OCLCL
|d OCLCQ
|d OCLCL
|
| 020 |
|
|
|a 9781383026702
|q ebook
|
| 020 |
|
|
|a 138302670X
|
| 024 |
7 |
|
|a 10.1093/oso/9780198539728.001.0001
|2 doi
|
| 035 |
|
|
|a (OCoLC)1406785425
|
| 082 |
0 |
4 |
|a 530.144
|2 21
|
| 049 |
|
|
|a TXAM
|
| 100 |
1 |
|
|a Dixon, J. M.,
|c Dr,
|e author.
|
| 245 |
1 |
0 |
|a From nonlinearity to coherence :
|b universal features of nonlinear behaviour in many-body physics /
|c J.M. Dixon, J.A. Tuszyński, P.A. Clarkson.
|
| 264 |
|
1 |
|a Oxford :
|b Clarendon Press,
|c 2023.
|
| 300 |
|
|
|a 1 online resource (xv,608 pages):
|b illustrations (black and white).
|
| 336 |
|
|
|a text
|b txt
|2 rdacontent
|
| 337 |
|
|
|a computer
|b c
|2 rdamedia
|
| 338 |
|
|
|a online resource
|b cr
|2 rdacarrier
|
| 490 |
1 |
|
|a Oxford science publications
|
| 500 |
|
|
|a Previously issued in print: 1997.
|
| 504 |
|
|
|a Includes bibliographical references and index.
|
| 520 |
8 |
|
|a The centrepiece of the text is the chapter dealing with a systematic development of nonlinear field equations for many-body systems. The book provides an overview of condensed matter systems in a practical 'hands-on guide' format.
|
| 588 |
|
|
|a Derived record based on print version record and publisher information.
|
| 650 |
|
0 |
|a Condensed matter.
|
| 650 |
|
0 |
|a Nonlinear theories.
|
| 650 |
|
0 |
|a Many-body problem.
|
| 650 |
|
6 |
|a Matière condensée.
|
| 650 |
|
6 |
|a Théories non linéaires.
|
| 650 |
|
6 |
|a Problème des N corps.
|
| 650 |
|
7 |
|a Condensed matter.
|2 fast
|0 (OCoLC)fst00874443
|
| 650 |
|
7 |
|a Many-body problem.
|2 fast
|0 (OCoLC)fst01008543
|
| 650 |
|
7 |
|a Nonlinear theories.
|2 fast
|0 (OCoLC)fst01038812
|
| 655 |
|
7 |
|a Electronic books.
|2 local
|
| 700 |
1 |
|
|a Tuszynski, J. A.,
|e author.
|
| 700 |
1 |
|
|a Clarkson, P. A.,
|e author.
|
| 758 |
|
|
|i has work:
|a From nonlinearity to coherence (Text)
|1 https://id.oclc.org/worldcat/entity/E39PCGfVtJ4QjjMbcqfMDDvVbq
|4 https://id.oclc.org/worldcat/ontology/hasWork
|
| 776 |
0 |
8 |
|i Print version:
|z 9780198539728
|
| 830 |
|
0 |
|a Oxford science publications.
|
| 856 |
4 |
0 |
|u http://proxy.library.tamu.edu/login?url=https://academic.oup.com/book/54700
|z Connect to the full text of this electronic book
|t 0
|
| 936 |
|
|
|a BATCHLOAD
|
| 955 |
|
|
|a Oxford Scholarship Online
|
| 994 |
|
|
|a 92
|b TXA
|
| 999 |
f |
f |
|i 1b96b021-c204-4686-a0c6-0056fe6cea07
|s ba4f5339-b0f9-4788-b4ff-3d29a6d1c78f
|t 0
|
| 952 |
f |
f |
|a Texas A&M University
|b College Station
|c Electronic Resources
|s www_evans
|d Available Online
|t 0
|h Library of Congress classification
|
| 998 |
f |
f |
|t 0
|l Available Online
|